000 00546nam a2200217Ia 4500
003 OSt
005 20220928141423.0
006 a|||||r|||| 00| 0
007 ta
008 220927b |||||||| |||| 00| 0 eng d
024 _a14768
037 _cTextual
040 _aSDCL
_cSDCL
_beng
041 _2eng
_aeng
082 _aD65,425:911, K8
100 _aBurdic William S
_9499932
245 0 _aRadar signal analysis.
260 _c1968
942 _hD65,425:911, K8
_cTEXL
_2CC
999 _c817177
_d817177